Table Tennis WTT Grand Smash Winners - Statistics

General Stats
  • This quiz has been taken 22 times
  • The average score is 10 of 19
Answer Stats
# Country WTT Grand Smash Winner % Correct
15 Wang Chuqin
93%
8 Lin Shidong
80%
12 Sun Yingsha
80%
1 Truls Möregårdh
80%
9 Wang Manyu
80%
4 Fan Zhendong
73%
7 Kuai Man
67%
2 Ma Long
67%
4 Chen Meng
60%
1 Wang Yidi
53%
1 Zhu Yuling
53%
1 Chen Xingtong
47%
1 An Jae-hyun
33%
1 Lim Jong-hoon
33%
1 Chan Baldwin
27%
1 Wong Chun Ting
27%
1 Liang Jingkun
20%
1 Lin Gaoyuan
20%
1 Qian Tianyi
13%
No matching quizzes found
Score Distribution
Percent of People with Each Score
Percentile by Number Answered
Your Score History
You have not taken this quiz